00381nam a2200157Ia 4500008004100000020001800041082000800059100001700067245002700084250000600111260002800117300001700145500002400162650001600186700002100202230524s9999 xx 000 0 und d a9780098070896 bPAL aSrimanta Pal 0aEnginering Mathematics a2 aNew DelhibOxfordc2015 a"XIX,1003p;" aQuantity Number: 1 aMathematics aSubodh C. Bhunia